Регионална библиотека "Любен Каравелов" - Русе

Проблеми на съвременната математика (Запис номер 61495)

MARC детайли
000 -Лидер
Контролно поле с фиксирана дължина 01431nam a2200349 c 4500
003 - Код на организацията, давaща контролен номер
Контролно поле BLK
005 - Дата и час на последна редакция
Контролно поле 20210122113135.0
008 - Елементи от данни с фиксирана дължина
fixed length control field 180408b bul|||||r ||||||| ||bul||
010 ## - Наследен системен номер
LC control number KNG00065697000
040 ## - Източник на каталожния запис
Идентификатор на билиотеката - собственик на записа BLK
041 ## - Код за език
Код за езика на текст/звукозапис или на отделно заглавие Български
Код за езика КДБФ Български
080 ## - УДК
Текстов определител УДК Основни и общи проблеми на математиката. Основи и логика
УДК код - определител по УДК 510
УДК определител
УДК - код + определител 510
139 ## - Редно поле
Редна дума Проблеми на съвременната математика
Авторски знак Про - П 89
245 10 - Сведения за заглавието
Заглавие Проблеми на съвременната математика
Подзаглавни данни Сб. прев. статии : Т. 1 -
Редно поле (дума) състав. и ред. Боян Пенков.
Том Т. 2
257 ## - Страна на издаване
Страна на създаване/издаване България
260 ## - Област на издателските данни
-- София
Име на издателя, разпространителя и проч. Наука и изкуство
Година на издаване 1973 -
Печатница Ямбол : Г. Димитров
300 ## - Физическа характеристика
Размери/Мащаб 25 см
380 ## - Жанр
Жанр Естествени науки. Математика
650 #4 - Допълнително описание по предмет – тема
Основно описание – тема или топоним Математика
9 (RLIN) 161297
653 ## - Ключова дума – ненормативна
Ключова дума математика
653 ## - Ключова дума – ненормативна
Ключова дума математическа логика
653 ## - Ключова дума – ненормативна
Ключова дума множества
653 ## - Ключова дума – ненормативна
Ключова дума теореми
653 ## - Ключова дума – ненормативна
Ключова дума математическа лингвистика
700 1# - Други автори (авторска отговорност)
Лично име Пенков, Боян
Автороска отговорност (Описва отношението между автора и произведението) състав. и ред.
9 (RLIN) 370053
760 1# - Описание на основната серия
Място на издаване, издател и година 1974
Страници - том 247 с. : с черт.
Забележка - том Библиогр. след статиите. - Именен показалец
Заглавие Т. 2
852 ## - Местоположение
Форматна сигнатура Цб 67576
856 4# - Електронен адрес и достъп
Електронен формат pdf - файл
Път до файла /url/
856 4# - Електронен адрес и достъп
Електронен формат pdf - файл
Път до файла /url/
942 ## - АРТИКУЛИ
Вид на библиотечния материал Книги
Скрит в OPAC Не
Koha issues (borrowed), all copies 1
944 ## - СЪЗДАВАНЕ И РЕДАКЦИЯ на ЗАПИСА
Създаване/Редакция Създаване
Дата на регистрацията/редакция 13.06.2004
Служител, извършил регистрацията/редакцията Наталия_Медовщикова
944 ## - СЪЗДАВАНЕ И РЕДАКЦИЯ на ЗАПИСА
Създаване/Редакция Редакция
Дата на регистрацията/редакция 11.12.2006
Служител, извършил регистрацията/редакцията
999 ## - СИСТЕМНИ КОНТРОЛНИ НОМЕРА
Koha biblionumber 61495
Koha biblioitemnumber 61495
Наличности
Код за отписване Код за изгубен артикул Източник на класификационната схема Код за повреда Коз за рестрикции Код за отдаване Артикулен № Име на библиотеката - собственик Име на библиотеката, в която се намира в момента Статус (Текущо местоположение) Дата на вписване в системата Местоположение - отдел Цена в лева Инвентарен номер Систематично азбучна сигнатура Баркод Номер на екземпляра Цена в евро Служебна бележка Служебен тип на артикула
  Не е изгубен Universal Decimal Classification Не е повреден само за читалня ползва се в читалня 101874 Регионална библиотека "Любен Каравелов" Русе Регионална библиотека "Любен Каравелов" Русе Хранилище 1974-01-01 Хранилище 2.22 165147 Цб 67576 120000165147 1 1.14 Дост: Dp Вид: Д N: стар фонд Дата: 01.01.1974 Книги
Изтеглен Не е изгубен Universal Decimal Classification Не е повреден без рестрикции ползва се в читалня 101875 Регионална библиотека "Любен Каравелов" Русе Регионална библиотека "Любен Каравелов" Русе Читалня 1974-01-01 Читалня 2.22 166138 Ч 51/П 89 166138 2 1.14 Дост: Pk Вид: Ф N: стар фонд Дата: 01.01.1974 Дата инв: 15.03.2017 Бележки инв: Ч2017 Книги
Vip Innovations Ltd, Rousse, Bulgaria 2025